[Event "IX Floripa Chess Open Fort Atacadista"]
[Site "Florianópolis - Santa Catari"]
[Date "2023.01.24"]
[Round "3.128"]
[White "Ludtke, Ezequiel Rodrigues"]
[Black "Martins De Aguiar, Marina"]
[Result "0-1"]
[WhiteElo "1538"]
[BlackElo "1873"]
[PlyCount "68"]
[EventDate "2023.01.23"]
[EventRounds "10"]
[EventCountry "BRA"]

1. e4 c5 2. Qe2 e6 3. g3 Nf6 4. Nf3 Be7 5. Bg2 O-O 6. d3 d5 7. Nbd2 Nc6 8. c3
b5 9. O-O Bb7 10. h3 Qc7 11. Nh2 b4 12. f4 a5 13. e5 Nd7 14. Qh5 bxc3 15. bxc3
d4 16. Bb2 dxc3 17. Bxc3 Nb4 18. Bxb4 cxb4 19. Bxb7 Qxb7 20. Ne4 Nc5 21. Qf3
Rfd8 22. Rad1 Qd5 23. Qe2 Rac8 24. Ng4 Nxe4 25. dxe4 Qc4 26. Rxd8+ Bxd8 27. Re1
h5 28. Nf2 Qc3 29. Kg2 h4 30. gxh4 Bxh4 31. Qe3 Qxe3 32. Rxe3 Rc2 33. Rf3 Rxa2
34. Kf1 Rxf2+ 0-1

[Event "IX Floripa Chess Open Fort Atacadista"]
[Site "Florianópolis - Santa Catari"]
[Date "2023.01.24"]
[Round "3.129"]
[White "Valcarcel, Victor Ignacio Dos "]
[Black "Paniago, Lucio Erloiny Silva"]
[Result "1-0"]
[WhiteElo "1873"]
[BlackElo "1529"]
[PlyCount "89"]
[EventDate "2023.01.23"]
[EventRounds "10"]
[EventCountry "BRA"]

1. e4 c5 2. Nf3 d6 3. Be2 Nc6 4. c3 d5 5. e5 Bg4 6. Qa4 Bd7 7. Qb3 Bc8 8. d4 e6
9. O-O a6 10. Be3 c4 11. Qc2 b5 12. Nbd2 Nge7 13. Nh4 Ng6 14. Nxg6 hxg6 15. f4
Ne7 16. g4 f6 17. exf6 gxf6 18. Nf3 Bg7 19. Rae1 Bd7 20. Bf2 Kf7 21. Bg3 a5 22.
a3 Qb6 23. h4 b4 24. axb4 axb4 25. h5 gxh5 26. gxh5 Nf5 27. Nh4 Nxh4 28. Bxh4
f5 29. Rf2 Rag8 30. Rg2 Bxd4+ 31. cxd4 Qxd4+ 32. Bf2 Rxg2+ 33. Kxg2 Qxf4 34.
Rh1 Qe4+ 35. Qxe4 fxe4 36. Bd4 Rh7 37. Rf1+ Ke7 38. Bc5+ Kd8 39. Bxb4 Be8 40.
Rh1 Kd7 41. Bg4 Bf7 42. Kg3 Kc6 43. Kf4 Kb5 44. Bc3 Kc5 45. Ke5 1-0

[Event "IX Floripa Chess Open Fort Atacadista"]
[Site "Florianópolis - Santa Catari"]
[Date "2023.01.24"]
[Round "3.130"]
[White "Liebl, Livia"]
[Black "Marques Junior, Marcos Antonio"]
[Result "0-1"]
[WhiteElo "1529"]
[BlackElo "1870"]
[PlyCount "104"]
[EventDate "2023.01.23"]
[EventRounds "10"]
[EventCountry "BRA"]

1. d4 Nf6 2. e3 d5 3. f4 Bg4 4. Nf3 e6 5. Bd3 Be7 6. O-O Nbd7 7. c3 O-O 8. Nbd2
Bf5 9. Qe2 Ne4 10. Ne5 Nxd2 11. Bxd2 Bxd3 12. Qxd3 Nf6 13. Rad1 Ne4 14. Rf3 Bd6
15. Rh3 f6 16. Ng4 Qe8 17. Nf2 Qg6 18. Nxe4 Qxe4 19. Bc1 Qxd3 20. Rxd3 c6 21.
Rf3 Rad8 22. Rd1 Rfe8 23. Re1 e5 24. fxe5 fxe5 25. Ref1 Rd7 26. Bd2 c5 27. Rf5
g6 28. R5f3 Rc7 29. Rf6 Rd7 30. R6f3 Kg7 31. Be1 exd4 32. exd4 Re2 33. R3f2
Rde7 34. h3 Rxe1 35. Rxe1 Rxe1+ 36. Rf1 Rxf1+ 37. Kxf1 b6 38. dxc5 bxc5 39. Ke2
Kf6 40. Kf3 Kf5 41. b3 Be5 42. c4 d4 43. a3 Bd6 44. h4 h5 45. g3 a5 46. a4 Be7
47. Kf2 Kg4 48. Kg2 Bd6 49. Kf2 Bxg3+ 50. Ke2 Bxh4 51. Kf1 Kf3 52. Kg1 Bg3 0-1

[Event "IX Floripa Chess Open Fort Atacadista"]
[Site "Florianópolis - Santa Catari"]
[Date "2023.01.24"]
[Round "3.131"]
[White "De Souza Monteiro, Marcos Paulo"]
[Black "De Almeida, Olivan Duarte"]
[Result "1-0"]
[WhiteElo "1869"]
[BlackElo "1516"]
[PlyCount "131"]
[EventDate "2023.01.23"]
[EventRounds "10"]
[EventCountry "BRA"]

1. d4 Nf6 2. c4 e6 3. a3 d5 4. cxd5 exd5 5. Nc3 c6 6. Bg5 Be7 7. e3 Ne4 8. Bxe7
Qxe7 9. Bd3 Nxc3 10. bxc3 Be6 11. Ne2 Nd7 12. O-O Nf6 13. Qc2 O-O 14. Rfe1 b5
15. Ng3 h6 16. f3 Qc7 17. e4 dxe4 18. fxe4 Qf4 19. Qf2 Qh4 20. Nh1 Qxf2+ 21.
Nxf2 a6 22. Nd1 Rfd8 23. Ne3 Ng4 24. Nc2 Nf6 25. a4 g6 26. axb5 axb5 27. Nb4
Rac8 28. Ra6 Bd7 29. Rf1 Kg7 30. d5 Ng4 31. dxc6 Bxc6 32. Be2 Ne5 33. Nxc6 Rxc6
34. Rxc6 Nxc6 35. Bxb5 Ne5 36. Rc1 Kf6 37. Bf1 Ke7 38. h3 Rd2 39. Ra1 Rc2 40.
Ra7+ Kd6 41. Ra6+ Kc5 42. Ra5+ Kd6 43. Rd5+ Ke6 44. Rc5 Kd6 45. Rd5+ Ke6 46.
Rc5 Kd6 47. Rc8 Kd7 48. Ba6 Ra2 49. Rc5 Kd6 50. Rd5+ Ke6 51. Bb5 Rc2 52. Rc5
Nd7 53. Rc6+ Ke5 54. Rc7 Nf6 55. Re7+ Kd6 56. Rxf7 Nxe4 57. Bd3 Rc1+ 58. Kh2
Ng5 59. Rf6+ Ke5 60. Rxg6 Rxc3 61. Be2 Re3 62. Bg4 Nf7 63. Re6+ Kd4 64. Rf6 Re7
65. Bh5 Ne5 66. Rxh6 1-0

[Event "IX Floripa Chess Open Fort Atacadista"]
[Site "Florianópolis - Santa Catari"]
[Date "2023.01.24"]
[Round "3.132"]
[White "Monici, Arthur Brecht De Fr"]
[Black "Correa, Joao Pedro Vieira"]
[Result "0-1"]
[WhiteElo "1511"]
[BlackElo "1865"]
[PlyCount "56"]
[EventDate "2023.01.23"]
[EventRounds "10"]
[EventCountry "BRA"]

1. e4 c5 2. Nf3 d6 3. c3 Nf6 4. Bd3 Nc6 5. Bc2 Qc7 6. O-O g6 7. d4 e5 8. dxe5
dxe5 9. Qe2 Bg7 10. Be3 b6 11. Na3 O-O 12. Nb5 Qe7 13. Bg5 a6 14. Bxf6 Bxf6 15.
Na3 b5 16. Rad1 Be6 17. b3 Bg7 18. c4 b4 19. Nb1 Bg4 20. Rd2 Nd4 21. Qd3 Bxf3
22. gxf3 Bh6 23. f4 Bxf4 24. Re2 Qh4 25. h3 Nxe2+ 26. Qxe2 Qxh3 27. f3 Rad8 28.
Rf2 Qh6 0-1

[Event "IX Floripa Chess Open Fort Atacadista"]
[Site "Florianópolis - Santa Catari"]
[Date "2023.01.24"]
[Round "3.133"]
[White "Ribeiro, Fabiano Pinto"]
[Black "Cardoso, Maria Paula Da Silv"]
[Result "0-1"]
[WhiteElo "1865"]
[BlackElo "1511"]
[PlyCount "118"]
[EventDate "2023.01.23"]
[EventRounds "10"]
[EventCountry "BRA"]

1. e4 c5 2. Nf3 d6 3. Bb5+ Bd7 4. Bxd7+ Qxd7 5. O-O Nc6 6. c3 Nf6 7. Re1 e6 8.
d4 cxd4 9. cxd4 d5 10. e5 Ng8 11. Nc3 Nge7 12. Bf4 Ng6 13. Bg3 Be7 14. h4 Bb4
15. Rc1 a6 16. a3 Bxc3 17. Rxc3 Nge7 18. Bf4 Nf5 19. g4 Nfe7 20. b4 h5 21. g5
Nf5 22. Be3 g6 23. Qb3 O-O 24. Rec1 Rfc8 25. Qa4 Nfe7 26. Qc2 Nf5 27. Kg2 Kg7
28. Kh3 Qd8 29. Rc5 Qb6 30. Qd3 Na7 31. Bd2 Rc6 32. Rxc6 Nxc6 33. Rc5 Rc8 34.
Bc3 Qa7 35. Bb2 Nce7 36. Qc2 Rc6 37. a4 Rxc5 38. dxc5 b6 39. c6 b5 40. axb5
axb5 41. c7 Qb7 42. Nd4 Nxd4 43. Bxd4 Nc6 44. Bc5 Qxc7 45. Bd6 Qb6 46. Bc5 Qa6
47. Qe2 Qa3+ 48. Kg2 Qa4 49. Qf3 Qc2 50. Bd6 Qf5 51. Qd3 Qg4+ 52. Kf1 Qc4 53.
Qxc4 dxc4 54. Ke2 Nd4+ 55. Kd2 Nf5 56. Bc5 Nxh4 57. Kc3 Nf5 58. Kd2 h4 59. Ke2
h3 0-1

[Event "IX Floripa Chess Open Fort Atacadista"]
[Site "Florianópolis - Santa Catari"]
[Date "2023.01.24"]
[Round "3.134"]
[White "Barbosa, Flavio Novais"]
[Black "Pimentel, Lucas Dos Santos"]
[Result "1-0"]
[WhiteElo "1863"]
[BlackElo "1470"]
[PlyCount "73"]
[EventDate "2023.01.23"]
[EventRounds "10"]
[EventCountry "BRA"]

1. d4 d5 2. c4 e6 3. Nf3 Nf6 4. g3 c5 5. cxd5 Nxd5 6. Bg2 Be7 7. O-O O-O 8.
dxc5 Bxc5 9. Qc2 Qb6 10. a3 Nc6 11. e4 Nf6 12. Nbd2 Nd4 13. Nxd4 Bxd4 14. Nf3
e5 15. Nxd4 Qxd4 16. Be3 Qd7 17. Rfd1 Qe6 18. Bc5 Re8 19. h3 Qc6 20. Rac1 Be6
21. Qe2 Qa4 22. Bb4 Bb3 23. Rd2 Rac8 24. Rxc8 Rxc8 25. Bc3 Nd7 26. Qd3 Nb6 27.
Bxe5 Nc4 28. Qd8+ Qe8 29. Qxe8+ Rxe8 30. Rd3 Nxe5 31. Rxb3 b6 32. Rc3 g6 33.
Bf1 Re6 34. f4 Nd7 35. Rc7 Nc5 36. e5 a5 37. Bc4 1-0

[Event "IX Floripa Chess Open Fort Atacadista"]
[Site "Florianópolis - Santa Catari"]
[Date "2023.01.24"]
[Round "3.135"]
[White "Da Silva, Kauan Salvagni Tele"]
[Black "Trombini, Fabio"]
[Result "0-1"]
[WhiteElo "1498"]
[BlackElo "1861"]
[PlyCount "116"]
[EventDate "2023.01.23"]
[EventRounds "10"]
[EventCountry "BRA"]

1. d4 d5 2. Nf3 Nf6 3. e3 e6 4. Bd3 c5 5. b3 Nc6 6. O-O Bd6 7. Bb2 O-O 8. Nbd2
cxd4 9. exd4 Nd7 10. c4 Qf6 11. a3 Ne7 12. c5 Bxc5 13. Qc2 Bd6 14. Bxh7+ Kh8
15. Bd3 Ng6 16. Bxg6 fxg6 17. Rfe1 Nb6 18. Nf1 Bd7 19. Ne3 Rac8 20. Qd3 a6 21.
Ng4 Qf5 22. Qxf5 gxf5 23. Nge5 Bxe5 24. Nxe5 Kg8 25. Nxd7 Nxd7 26. Rxe6 Rc2 27.
Bc1 Nf6 28. Be3 Ng4 29. f3 Kf7 30. Rb6 Nxe3 31. Rxb7+ Kg8 32. Re1 f4 33. g3
Rfc8 34. gxf4 Rc1 35. Rxc1 Rxc1+ 36. Kf2 Nf5 37. Rd7 Rc2+ 38. Ke1 Nxd4 39. Rxd5
Nxf3+ 40. Kd1 Rc3 41. Rd6 Rxb3 42. Rxa6 Nxh2 43. a4 Nf3 44. a5 Rb4 45. Kc2 Rxf4
46. Kc3 Ne5 47. Re6 Nd7 48. Re7 Nf6 49. Ra7 Kh7 50. a6 Ra4 51. Kb3 Ra1 52. Kc4
Ne4 53. Kd5 Ra4 54. Ra8 Kg6 55. a7 Nc3+ 56. Kc6 Ra1 57. Kb7 Nb5 58. Kb6 Nxa7
0-1

[Event "IX Floripa Chess Open Fort Atacadista"]
[Site "Florianópolis - Santa Catari"]
[Date "2023.01.24"]
[Round "3.136"]
[White "Bitencourt, Evandro Jose Dos S"]
[Black "Mendes, Ana Beatriz Dias Gu"]
[Result "1-0"]
[WhiteElo "1859"]
[BlackElo "1464"]
[PlyCount "111"]
[EventDate "2023.01.23"]
[EventRounds "10"]
[EventCountry "BRA"]

1. d4 d5 2. c4 e6 3. Nc3 Nf6 4. cxd5 exd5 5. Bg5 Be7 6. e3 O-O 7. Qc2 Nbd7 8.
Bd3 b6 9. Nf3 Bb7 10. O-O c5 11. Rad1 Ne4 12. Bf4 Ndf6 13. dxc5 Nxc3 14. Qxc3
bxc5 15. Bb1 Qb6 16. Ne5 Rfd8 17. Qc2 g6 18. b3 Bf8 19. h3 Bg7 20. Rfe1 Rac8
21. Qc1 Qe6 22. Nf3 Ne4 23. Bxe4 Qxe4 24. Qa3 a6 25. Rc1 Bf8 26. Qb2 Bg7 27.
Qc2 Qb4 28. Red1 d4 29. exd4 cxd4 30. Qd2 Qxd2 31. Bxd2 Rxc1 32. Rxc1 Be4 33.
Ne1 h5 34. f3 Bf5 35. g4 hxg4 36. hxg4 Bd7 37. Rc7 Bb5 38. a4 Be2 39. Rc1 d3
40. a5 Bf6 41. Rc4 Bh4 42. Ng2 Bg5 43. f4 Bf6 44. g5 Bd4+ 45. Kh2 Bf1 46. Kg3
Bg1 47. Ne1 Re8 48. Nf3 Be3 49. Bxe3 Rxe3 50. Kf2 Rxf3+ 51. Kxf3 Be2+ 52. Ke3
Kg7 53. Kd2 Kf8 54. Rc6 Ke7 55. Rxa6 Bf1 56. Rf6 1-0

[Event "IX Floripa Chess Open Fort Atacadista"]
[Site "Florianópolis - Santa Catari"]
[Date "2023.01.24"]
[Round "3.137"]
[White "Ramazzotte, Adriano"]
[Black "Weise, William Ferreira"]
[Result "0-1"]
[WhiteElo "1490"]
[BlackElo "1856"]
[PlyCount "86"]
[EventDate "2023.01.23"]
[EventRounds "10"]
[EventCountry "BRA"]

1. d4 Nf6 2. c4 e6 3. Nf3 Bb4+ 4. Bd2 Qe7 5. a3 Bxd2+ 6. Nbxd2 d5 7. Qc2 O-O 8.
e3 Nbd7 9. cxd5 Nb6 10. dxe6 Bxe6 11. Be2 Rac8 12. b4 Nbd5 13. O-O g6 14. Rac1
Bf5 15. Bd3 Nxe3 16. fxe3 Qxe3+ 17. Kh1 Bxd3 18. Qb3 Rfe8 19. Rce1 Be2 20. Qxe3
Rxe3 21. Rf2 Rce8 22. Ne5 Ng4 23. Rfxe2 Rxe2 24. Rxe2 f6 25. h3 Nh6 26. Ndf3
fxe5 27. Rxe5 Rxe5 28. Nxe5 Nf5 29. Nf3 Kf7 30. Kg1 Ke6 31. g4 Ne7 32. Kf2 Kd5
33. Ke3 Kc4 34. Ne5+ Kb3 35. Kd3 b5 36. Ke4 Kxa3 37. Nd3 Nc6 38. Ne5 Nxb4 39.
Nxg6 hxg6 40. h4 Nc6 41. h5 gxh5 42. gxh5 Ne7 43. h6 Ng8 0-1

[Event "IX Floripa Chess Open Fort Atacadista"]
[Site "Florianópolis - Santa Catari"]
[Date "2023.01.24"]
[Round "3.138"]
[White "Pereira, Francisco Neris"]
[Black "Pimenta, Elisandro Da Silva"]
[Result "0-1"]
[WhiteElo "1482"]
[BlackElo "1855"]
[PlyCount "52"]
[EventDate "2023.01.23"]
[EventRounds "10"]
[EventCountry "BRA"]

1. d4 Nf6 2. c4 e6 3. Nc3 c5 4. Nf3 cxd4 5. Nxd4 d5 6. g3 Bc5 7. Bg2 Bxd4 8.
Qxd4 Nc6 9. Qd1 d4 10. Nb5 e5 11. O-O O-O 12. b3 a6 13. Na3 Qe7 14. Nc2 Rd8 15.
Bb2 Bf5 16. Ne1 e4 17. Nc2 d3 18. exd3 Rxd3 19. Qe2 Rad8 20. Rad1 Qd6 21. Ne3
Bg6 22. Bxf6 gxf6 23. Nd5 Nd4 24. Qe1 Nf3+ 25. Bxf3 exf3 26. Qe7 Rxd5 0-1

[Event "IX Floripa Chess Open Fort Atacadista"]
[Site "Florianópolis - Santa Catari"]
[Date "2023.01.24"]
[Round "3.139"]
[White "Moritz, Diego Homrich"]
[Black "Koinski, Carlos Cesar"]
[Result "1-0"]
[WhiteElo "1854"]
[BlackElo "1450"]
[PlyCount "77"]
[EventDate "2023.01.23"]
[EventRounds "10"]
[EventCountry "BRA"]

1. d4 Nf6 2. Nf3 c6 3. c4 e6 4. Nc3 Be7 5. e4 d6 6. Bf4 Nh5 7. Be3 Nf6 8. Qd2
Ng4 9. Bf4 Nd7 10. h3 Ngf6 11. Bd3 Qa5 12. Rb1 h6 13. b4 Qd8 14. a4 a6 15. O-O
Nh7 16. Rfe1 Ndf6 17. a5 Nh5 18. Bh2 Ng5 19. Qe2 Nxf3+ 20. Qxf3 Nf6 21. c5 dxc5
22. dxc5 O-O 23. Rbd1 Qd4 24. Na2 Kh8 25. Bxa6 Qxd1 26. Rxd1 Rxa6 27. Nc3 Ne8
28. Na4 Nf6 29. Nb6 Kg8 30. Qf4 Bxc5 31. bxc5 Rxa5 32. Qe5 Nd7 33. Nxd7 Rd8 34.
Qc7 Rxd7 35. Qxc8+ Kh7 36. Qxd7 Rxc5 37. Qxf7 b5 38. Bd6 Rc2 39. Be5 1-0

[Event "IX Floripa Chess Open Fort Atacadista"]
[Site "Florianópolis - Santa Catari"]
[Date "2023.01.24"]
[Round "3.141"]
[White "Pinto, Vanderlei"]
[Black "Baena, Mauricio"]
[Result "1/2-1/2"]
[WhiteElo "1346"]
[BlackElo "1784"]
[PlyCount "73"]
[EventDate "2023.01.23"]
[EventRounds "10"]
[EventCountry "BRA"]

1. Nf3 d6 2. c4 Nf6 3. b3 g6 4. Bb2 Bg7 5. e3 O-O 6. Be2 Nc6 7. O-O e5 8. d3
Ne7 9. Nbd2 Be6 10. Ng5 Qd7 11. Nxe6 Qxe6 12. Bf3 c6 13. Ne4 Rad8 14. Ng5 Qc8
15. Rc1 h6 16. Ne4 Nxe4 17. Bxe4 f5 18. Bf3 Qb8 19. Qc2 c5 20. g3 Nc6 21. a3
Kh7 22. h4 Qc8 23. h5 g5 24. Kh2 f4 25. exf4 gxf4 26. gxf4 Kh8 27. Rg1 Rxf4 28.
Rg3 Rdf8 29. Kg2 Ne7 30. Be4 Nf5 31. Rh3 Nh4+ 32. Rxh4 Rxh4 33. Kg1 Qh3 34. Bg2
Rg4 35. f3 Rxf3 36. Qe2 Rfg3 37. Rc2 1/2-1/2

[Event "IX Floripa Chess Open Fort Atacadista"]
[Site "Florianópolis - Santa Catari"]
[Date "2023.01.24"]
[Round "3.142"]
[White "Gauche, Charles"]
[Black "Hataby, Raed"]
[Result "1-0"]
[WhiteElo "2211"]
[BlackElo "1979"]
[PlyCount "91"]
[EventDate "2023.01.23"]
[EventRounds "10"]
[EventCountry "BRA"]

1. d4 d6 2. e4 g6 3. Nc3 Bg7 4. Be3 c6 5. Qd2 Qa5 6. Nf3 b5 7. Bd3 Nf6 8. h3 a6
9. O-O O-O 10. e5 dxe5 11. dxe5 b4 12. Ne2 Nd5 13. Bh6 Be6 14. Bxg7 Kxg7 15.
Ned4 Nc7 16. a3 c5 17. Nxe6+ Nxe6 18. axb4 Qxb4 19. c3 Qb6 20. Ra4 Ra7 21. Rh4
h5 22. g4 Rh8 23. gxh5 gxh5 24. Kh2 Rd7 25. Rg1+ Kf8 26. Qe2 Ke8 27. Bc4 Kd8
28. Bxe6 Qxe6 29. Ng5 Qf5 30. e6 fxe6 31. Nxe6+ Kc8 32. Rg5 Qd3 33. Rxc5+ Kb7
34. Rb4+ Ka7 35. Rc7+ Ka8 36. Qxd3 Rxd3 37. Rcb7 Rc8 38. Nc7+ Rxc7 39. Rxc7 Rd2
40. Rc8 a5 41. Rcxb8+ Ka7 42. R4b7+ Ka6 43. b4 Rxf2+ 44. Kg3 axb4 45. Rxb4 Ka7
46. Kxf2 1-0

[Event "IX Floripa Chess Open Fort Atacadista"]
[Site "Florianópolis - Santa Catari"]
[Date "2023.01.24"]
[Round "3.143"]
[White "Felix, Raimundo Nascimento"]
[Black "Soares, Rafael Tuma"]
[Result "0-1"]
[WhiteElo "1848"]
[BlackElo "1440"]
[PlyCount "108"]
[EventDate "2023.01.23"]
[EventRounds "10"]
[EventCountry "BRA"]

1. e4 c5 2. Nf3 d6 3. d4 cxd4 4. c3 Nf6 5. e5 dxe5 6. Nxe5 Nbd7 7. Qxd4 a6 8.
Bc4 e6 9. O-O Nxe5 10. Qxe5 Bd6 11. Qd4 Qc7 12. g3 b5 13. Be2 Bb7 14. Nd2 Rd8
15. Qh4 Bc5 16. Nf3 Ne4 17. Bf4 Qb6 18. g4 Be7 19. Qh3 Qc6 20. Ne5 Qd5 21. Rfd1
Ng5 22. Rxd5 Nxh3+ 23. Kf1 Bxd5 24. Be3 Bg5 25. Bc5 Nf4 26. Bd1 Bf6 27. Nf3
Bc4+ 28. Kg1 Rd5 29. Be3 Nh3+ 30. Kg2 Ng5 31. Ne1 Rd7 32. f4 Bd5+ 33. Kg1 Nh3+
34. Kf1 e5 35. g5 Be7 36. Bg4 Be6 37. f5 Bc4+ 38. Kg2 Nf4+ 39. Bxf4 exf4 40.
Nf3 f6 41. gxf6 Bxf6 42. Bh5+ Bf7 43. Bg4 O-O 44. Re1 Re8 45. Kf2 Rxe1 46. Kxe1
Re7+ 47. Kd2 Bxa2 48. Ne1 Bc4 49. Nc2 Bg5 50. Bf3 Rd7+ 51. Ke1 Rd3 52. Nd4 Bf6
53. Be2 Rxd4 54. Bxc4+ Rxc4 0-1

[Event "IX Floripa Chess Open Fort Atacadista"]
[Site "Florianópolis - Santa Catari"]
[Date "2023.01.24"]
[Round "3.144"]
[White "Vinales Gonzalez, Enzo Mathias"]
[Black "Resende, Lucas B. Massucato"]
[Result "0-1"]
[WhiteElo "1473"]
[BlackElo "1824"]
[PlyCount "42"]
[EventDate "2023.01.23"]
[EventRounds "10"]
[EventCountry "BRA"]

1. e4 e6 2. d3 d5 3. Nf3 Nf6 4. Bg5 dxe4 5. Bxf6 Qxf6 6. dxe4 Qxb2 7. Nbd2 Nc6
8. Bc4 Bd6 9. O-O O-O 10. Re1 Rd8 11. Rb1 Qf6 12. Qe2 e5 13. c3 Ne7 14. Nf1 Ng6
15. Ne3 Nf4 16. Qc2 c6 17. Bf1 Rb8 18. Red1 Be6 19. Bc4 Nxg2 20. Kxg2 Bh3+ 21.
Kxh3 Qxf3+ 0-1

[Event "IX Floripa Chess Open Fort Atacadista"]
[Site "Florianópolis - Santa Catari"]
[Date "2023.01.24"]
[Round "3.145"]
[White "Nunes, Agatha Hurba"]
[Black "Rey, Antonio"]
[Result "1-0"]
[WhiteElo "1823"]
[BlackElo "1434"]
[PlyCount "63"]
[EventDate "2023.01.23"]
[EventRounds "10"]
[EventCountry "BRA"]

1. d4 d5 2. c4 e6 3. cxd5 exd5 4. Nc3 Nf6 5. Bg5 Be7 6. e3 O-O 7. Bd3 Nbd7 8.
Nge2 b6 9. O-O Bb7 10. Rc1 h6 11. Bh4 c5 12. dxc5 Nxc5 13. Bb1 Re8 14. Qc2 Nfe4
15. Bxe7 Qxe7 16. Nf4 Rad8 17. Rfd1 Qg5 18. Nb5 a6 19. Nd4 g6 20. b4 Ne6 21.
Nfxe6 fxe6 22. Qc7 Bc8 23. Nf3 Qf6 24. Qxb6 Rf8 25. Rd4 Ng5 26. Rf4 Nxf3+ 27.
Rxf3 Qb2 28. Rxf8+ Rxf8 29. Rf1 Bd7 30. Qd6 Bc8 31. Bxg6 Qxa2 32. Qe7 1-0

[Event "IX Floripa Chess Open Fort Atacadista"]
[Site "Florianópolis - Santa Catari"]
[Date "2023.01.24"]
[Round "3.147"]
[White "De Lima, Lucas Taveira"]
[Black "Gatelli, Jacson Henrique"]
[Result "0-1"]
[WhiteElo "1437"]
[BlackElo "1820"]
[PlyCount "66"]
[EventDate "2023.01.23"]
[EventRounds "10"]
[EventCountry "BRA"]

1. c4 e5 2. Nc3 Nf6 3. g3 Nc6 4. Bg2 Bc5 5. Nf3 d6 6. O-O O-O 7. d3 h6 8. a3 a5
9. Rb1 Bg4 10. h3 Bd7 11. Bd2 Rb8 12. Nd5 Nxd5 13. cxd5 Ne7 14. e4 a4 15. Bc3
f5 16. Re1 fxe4 17. dxe4 Qc8 18. b4 axb3 19. Qxb3 Bxh3 20. Bxe5 dxe5 21. Bxh3
Qxh3 22. d6+ Kh8 23. dxe7 Qxg3+ 24. Kh1 Qxf3+ 25. Qxf3 Rxf3 26. Rb5 Bxe7 27.
Rxe5 Bxa3 28. Kg2 Rbf8 29. Re2 b6 30. Re6 Bc5 31. e5 Rxf2+ 32. Rxf2 Rxf2+ 33.
Kg3 Rf8 0-1

[Event "IX Floripa Chess Open Fort Atacadista"]
[Site "Florianópolis - Santa Catari"]
[Date "2023.01.24"]
[Round "3.148"]
[White "Rodrigues, Julliano De Araujo"]
[Black "De Brito, Gabrielly Rodrigues"]
[Result "1/2-1/2"]
[WhiteElo "1819"]
[BlackElo "1415"]
[PlyCount "84"]
[EventDate "2023.01.23"]
[EventRounds "10"]
[EventCountry "BRA"]

1. e4 d6 2. d4 Nf6 3. Nc3 c6 4. f4 Qa5 5. Bd3 e5 6. Nf3 Bg4 7. Be3 Nbd7 8. O-O
Be7 9. h3 Bxf3 10. Qxf3 O-O-O 11. a3 Qc7 12. b4 Rhg8 13. b5 c5 14. dxe5 dxe5
15. Nd5 Nxd5 16. exd5 g6 17. c4 f5 18. fxe5 Nxe5 19. Qd1 Bf6 20. Bf4 Qd7 21.
Ra2 Rge8 22. Rd2 b6 23. a4 Kb7 24. a5 Rf8 25. Qa4 Ra8 26. a6+ Kc7 27. Re1 Rae8
28. Rde2 Qg7 29. Qa1 Kd6 30. Qb1 Re7 31. Qc2 Rfe8 32. Qd2 g5 33. Bxe5+ Rxe5 34.
Rxe5 Rxe5 35. Rxe5 Bxe5 36. Bxf5 Bc3 37. Qe2 Be5 38. Be4 h6 39. Qg4 Qf6 40. Bf5
Bf4 41. Bb1 Be3+ 42. Kh2 Qf4+ 1/2-1/2

[Event "IX Floripa Chess Open Fort Atacadista"]
[Site "Florianópolis - Santa Catari"]
[Date "2023.01.24"]
[Round "3.149"]
[White "Dias, Clara"]
[Black "Godinho, Bruno Cesar Ferreir"]
[Result "1-0"]
[WhiteElo "1430"]
[BlackElo "1819"]
[PlyCount "73"]
[EventDate "2023.01.23"]
[EventRounds "10"]
[EventCountry "BRA"]

1. e4 c6 2. d4 d5 3. Nc3 dxe4 4. Nxe4 Nd7 5. Nf3 Ngf6 6. Ng3 g6 7. Bc4 Bg7 8.
O-O O-O 9. Re1 Nb6 10. Bf1 Bg4 11. c3 Nfd7 12. Bg5 f6 13. Be3 Kh8 14. Qd2 Bxf3
15. gxf3 e5 16. f4 exd4 17. Bxd4 c5 18. Be3 f5 19. a4 a5 20. Rad1 Qc7 21. Qd6
Rac8 22. Bb5 Rf6 23. Qd2 Nf8 24. b4 axb4 25. cxb4 c4 26. Bc5 Ne6 27. Bd6 Qd8
28. Qe3 Ng5 29. Be7 Qc7 30. Bxf6 Nh3+ 31. Kf1 Bxf6 32. a5 Na8 33. Nxf5 gxf5 34.
Qxh3 Qxf4 35. Bd7 Rg8 36. Bxf5 Bh4 37. Qc3+ 1-0

[Event "IX Floripa Chess Open Fort Atacadista"]
[Site "Florianópolis - Santa Catari"]
[Date "2023.01.24"]
[Round "3.150"]
[White "Silva, Ezequiel Demetras"]
[Black "Bernardo, Henrique Carvalho"]
[Result "1/2-1/2"]
[WhiteElo "1811"]
[BlackElo "1405"]
[PlyCount "73"]
[EventDate "2023.01.23"]
[EventRounds "10"]
[EventCountry "BRA"]

1. e4 c5 2. Nf3 d6 3. Bb5+ Bd7 4. Bxd7+ Qxd7 5. c4 Nf6 6. Nc3 g6 7. d4 cxd4 8.
Nxd4 Bg7 9. f3 O-O 10. O-O Rc8 11. b3 d5 12. Nxd5 Nxd5 13. exd5 e6 14. Be3 exd5
15. cxd5 Re8 16. Qd2 Qxd5 17. Rad1 Na6 18. Nc2 Qc6 19. Qf2 b6 20. Na3 Nb4 21.
Bd4 Rad8 22. Bxg7 Kxg7 23. Qh4 Rxd1 24. Rxd1 Qc5+ 25. Qd4+ Qxd4+ 26. Rxd4 Nc6
27. Rd2 Re1+ 28. Kf2 Ra1 29. Nc2 Rxa2 30. Ke3 Na5 31. Nd4 Rxd2 32. Kxd2 Kf6 33.
f4 Ke7 34. b4 Nc4+ 35. Kd3 Nb2+ 36. Kc2 Nc4 37. Kd3 1/2-1/2

[Event "IX Floripa Chess Open Fort Atacadista"]
[Site "Florianópolis - Santa Catari"]
[Date "2023.01.24"]
[Round "3.151"]
[White "Dos Santos, Gustavo Mota"]
[Black "De Sousa, Elizeu Santiago Tav"]
[Result "1-0"]
[WhiteElo "1810"]
[BlackElo "1401"]
[PlyCount "111"]
[EventDate "2023.01.23"]
[EventRounds "10"]
[EventCountry "BRA"]

1. e4 c5 2. Nf3 d6 3. d4 cxd4 4. Nxd4 Nf6 5. Nc3 g6 6. Be2 Bg7 7. O-O O-O 8.
Be3 Nc6 9. Nb3 a6 10. f4 b5 11. Bf3 Bb7 12. g4 Rc8 13. g5 Nd7 14. Qe1 Nb6 15.
Be2 b4 16. Nd1 a5 17. Qf2 Nd7 18. c3 bxc3 19. Nxc3 Nb4 20. Bd4 Bxd4 21. Nxd4
Nc5 22. a3 Nbd3 23. Qe3 e5 24. Bxd3 Nxd3 25. Qxd3 exd4 26. Qxd4 Re8 27. h4 Rxc3
28. Qxc3 Qb6+ 29. Rf2 Rxe4 30. Re1 Rxe1+ 31. Qxe1 Kf8 32. Kh2 Qc6 33. Qd1 a4
34. Rc2 Qe4 35. Qxd6+ Kg8 36. Qb8+ Kg7 37. Qe5+ Qxe5 38. fxe5 Bd5 39. Kg3 Kf8
40. Rc7 Ke8 41. Rc8+ Ke7 42. Rh8 Ke6 43. Kf4 Bb3 44. Rxh7 Bc2 45. h5 gxh5 46.
Rxh5 Kd5 47. Rh6 Kc4 48. Rh3 Bd3 49. Ke3 Bg6 50. Rh4+ Kb5 51. Rb4+ Ka5 52. Kd4
Bc2 53. Kc5 Bb3 54. Kd6 Be6 55. g6 fxg6 56. Kxe6 1-0

[Event "IX Floripa Chess Open Fort Atacadista"]
[Site "Florianópolis - Santa Catari"]
[Date "2023.01.24"]
[Round "3.152"]
[White "Casalaspro, Mathias Andre"]
[Black "Da Costa, Michael David"]
[Result "1-0"]
[WhiteElo "1806"]
[BlackElo "1396"]
[PlyCount "59"]
[EventDate "2023.01.23"]
[EventRounds "10"]
[EventCountry "BRA"]

1. e4 c6 2. d4 d5 3. Nc3 dxe4 4. Nxe4 Nf6 5. Nxf6+ exf6 6. Be3 Bf5 7. Bd3 Bxd3
8. Qxd3 Bd6 9. Ne2 Nd7 10. c4 O-O 11. O-O-O Re8 12. Nc3 Bf8 13. Kb1 g6 14. g4
Bg7 15. h4 Nf8 16. f4 h6 17. d5 Qe7 18. Rhe1 cxd5 19. Nxd5 Qd8 20. f5 g5 21.
Bd4 Rxe1 22. Rxe1 Nd7 23. Re7 Ne5 24. Bxe5 fxe5 25. f6 Bh8 26. Rd7 Qa5 27. Ne7+
Kf8 28. Ng6+ fxg6 29. Qd6+ Kg8 30. Qd5+ 1-0